000 00600nam a2200241Ia 4500
003 OSt
005 20220918194940.0
006 a|||||r|||| 00| 0
007 ta
008 220917b |||||||| |||| 00| 0 eng d
024 _a82,604
037 _cTextual
040 _aARTS
_cARTS
_beng
041 _2eng
_aeng
082 _aS:74, G4;K4
100 _aHadfiels J A
_988109
245 0 _aPsychology and morals
_b an analysis of character
250 _a16th
260 _c1934
650 _aPSYCHOLOGY
942 _hS:74, G4;K4
_cTEXL
_2CC
999 _c206322
_d206322